Οι αρχαίοι Έλληνες ιστορικοί

Αποθηκεύτηκε σε:
Λεπτομέρειες βιβλιογραφικής εγγραφής
Κύριος συγγραφέας: Bury, J. B. (John Bagnell), 1861-1927
Άλλοι συγγραφείς: Βώρος, Φανούριος Κ., 1933-2020 (Μεταφραστής)
Μορφή: Βιβλίο
Γλώσσα:Greek
English
Δημοσίευση: Αθήνα : Παπαδήμας, 1988.
Έκδοση:3η έκδ.
Θέματα:
Ετικέτες: Προσθήκη ετικέτας
Δεν υπάρχουν, Καταχωρήστε ετικέτα πρώτοι!

MARC

LEADER 00000cam a2200000 i 4500
001 1/8339
008 961021s1988 gr | ||| |||| ||gre||
020 |a 9602060409 
020 |a 9789602060407 
035 |l 10017058 
040 |a GR-MyUA  |b gre  |e AACR2 
041 1 |a gre  |h eng 
082 0 |a 938.109 
100 1 |a Bury, J. B.   |q (John Bagnell),   |d 1861-1927. 
245 1 3 |a Οι αρχαίοι Έλληνες ιστορικοί /   |c John B. Bury ; μετάφραση Φ. Κ. Βώρου.  
250 |a 3η έκδ.  
260 |a Αθήνα :   |b Παπαδήμας,   |c 1988.  
300 |a 254 σ.  
500 |a Το Παράρτημα της Ρόδου διαθέτει την 5η διορθωμένη έκδοση του 2010 
500 |a Τίτλος πρωτοτύπου: Ancient greek historians.  
504 |a Βιβλιογραφία: σ. [227]-239.  
504 |a Ευρετήριο: σ. [241]-252.  
650 0 0 |a Historians  |z Greece. 
700 1 |a Βώρος, Φανούριος Κ.,   |d 1933-2020,  |e trl 
852 |a INST  |b LESVOS  |e 19961021  |h 938.109 BUR  |p 005100003186  |q 005100003186  |t BK  |y 0 
852 |a INST  |b RHODES  |c EUDOXUS  |e 20140514  |h 938.109 BUR  |p 005400036439  |q 005400036439  |t EDX  |y 0 
901 |a BIBL4-2014-2 
909 |a Λ  |b 019508 
909 |a Ρ  |b 182942 
920 |a ΕΥΔΟΞΟΣ  |b ΠΑΡΑΓΓΕΛΙΑ  |y Ρόδος-ΤΜΣ  |z 2014-05